| 000 | 00490nam a2200145 a 4500 | ||
|---|---|---|---|
| 001 | 000035998 | ||
| 005 | 20200930074804.0 | ||
| 008 | 111122s2004 dr a 000 0 spa d | ||
| 040 |
_aDO-SdBNP _bspa _cBNPHU |
||
| 082 |
_axxx _bB858 |
||
| 245 | 0 | 0 |
_aBrinca la tablita... : _bcanciones y juegos tradicionales dominicanos / _ccompilación y notas Xiomarita Pérez. |
| 260 |
_aSanto Domingo : _bAltea, _c2004. |
||
| 300 |
_a77 p. : _bil. + _ecd-rom _c19 cm. |
||
| 700 | 1 |
_aPérez, Xiomarita, _ecomp. _9458 |
|
| 999 |
_c35489 _d35489 |
||